000 003690000a22001450004500
003 MACL
040 _aMACL
090 _c4163
_d4162
100 _aGupta, O.P.
245 _aDevelopment Of University Libraries In India After Independence
260 _bConcept Publishing Company
_c1992
350 _a250
650 _aLibrary And Information Science
942 _cBOOK
_k020
999 _c4129
_d4129